Statistiken für Metropolregionen in Deutschland

Klicken Sie hier um das Quiz zu spielen!

Allgemein

  • Dieses Quiz wurde 124 mal gespielt
  • Das Durchschnittsergebnis liegt bei 53 aus 96

Antwortstatistiken

EinwohnerStadt% Korrekt
5.376.272Berlin
97%
1.992.267Köln
97%
5.094.817Ruhr
97%
3.362.930Hamburg
96%
2.813.648München
96%
2.735.735Frankfurt am Main
92%
56.679Frankfurt (Oder)
92%
2.783.899Stuttgart
92%
1.334.994Dresden
88%
1.315.649Hannover
87%
1.057.609Leipzig
87%
1.351.891Nürnberg
87%
1.556.384Düsseldorf
86%
1.278.213Bremen
85%
669.983Kiel
83%
1.001.948Braunschweig-Salzgitter-Wolfsburg
79%
556.673Aachen
78%
1.196.227Mannheim
78%
792.752Saarbrücken
78%
437.674Kassel
76%
754.989Karlsruhe
75%
429.976Mainz
75%
426.196Rostock
75%
932.617Bonn
74%
495.412Magdeburg
74%
521.136Erfurt
73%
193.015Jena
72%
689.806Augsburg
71%
539.065Münster
71%
334.002Bielefeld
70%
418.291Lübeck
69%
526.584Osnabrück
68%
420.875Halle (Saale)
67%
466.179Wiesbaden
67%
243.105Chemnitz
65%
307.639Schwerin
65%
504.011Ulm
65%
294.912Flensburg
64%
261.737Trier
64%
708.275Heidelberg
63%
508.552Würzburg
63%
499.925Ingolstadt
62%
329.084Koblenz
62%
472.666Regensburg
62%
456.531Darmstadt
61%
428.955Oldenburg
61%
210.314Cottbus
60%
261.001Mönchengladbach
58%
354.572Wuppertal
58%
309.621Zwickau
58%
187.470Gera
57%
309.380Paderborn
56%
455.426Göttingen
54%
312.776Bremerhaven
53%
276.094Kaiserslautern
53%
247.183Passau
51%
72.461Brandenburg an der Havel
47%
223.572Fulda
46%
272.874Giessen
46%
473.411Heilbronn
44%
326.875Rosenheim
44%
225.446Bamberg
43%
288.097Konstanz
43%
403.603Siegen
41%
248.885Bayreuth
39%
158.957Solingen
39%
375.128Aschaffenburg
38%
235.451Greifswald
38%
227.050Krefeld
38%
325.766Pforzheim
38%
147.241Weimar
38%
229.806Tübingen
37%
78.731Dessau
34%
274.773Hildesheim
33%
246.097Marburg
33%
288.158Reutlingen
33%
257.525Neubrandenburg
32%
111.770Remscheid
32%
218.885Friedrichshafen
30%
226.255Kempten
29%
225.900Stralsund
29%
173.998Wilhelmshaven
29%
248.273Görlitz
28%
185.129Lüneburg
27%
79.496Neumünster
25%
434.535Offenburg
25%
665.585Freiburg im Breisgau
23%
273.173Schweinfurt
23%
179.915Celle
19%
253.364Wetzlar
19%
221.376Plauen
18%
235.481Landshut
17%
213.385Villingen-Schwenningen
16%
266.771Düren
13%
406.793Iserlohn
13%
373.582Bocholt
7%

Verteilung der Resultate

Perzentil nach korrekt beantworteten Fragen

Anzahl Personen mit jedem Resultat

Ihre Resultats-Entwicklung

Sie haben dieses Quiz noch nicht gespielt